Quick Pick: 'D' Capitals Quiz Stats

 Plays Quiz Updated Mar 2, 2016

Score 0/9 Timer 01:30
0 Plays Today
% Correct
Dublin
97.4%
Djibouti
90.9%
Damascus
87.6%
Doha
64.8%
Dhaka
63.3%
Dakar
59.5%
Dili
58.1%
Dushanbe
53.9%
Dodoma
45.3%

Today's Daily Dose

You're not logged in!

Compare scores with friends on all Sporcle quizzes.
Join for Free
OR
Log In

You Might Also Like...

Show Comments

Extras

Top Quizzes Today


Score Distribution

Your Account Isn't Verified!

In order to create a playlist on Sporcle, you need to verify the email address you used during registration. Go to your Sporcle Settings to finish the process.

Report this User

Report this user for behavior that violates our Community Guidelines.

Details: